Normal view
MARC view
Entry Topical Term
001 - CONTROL NUMBER
- control field: 702956
003 - CONTROL NUMBER IDENTIFIER
- control field: OSt
005 - DATE AND TIME OF LATEST TRANSACTION
- control field: 20221007101419.0
008 - FIXED-LENGTH DATA ELEMENTS
- fixed length control field: 221007|| aca||aabn | a|a d
040 ## - CATALOGING SOURCE
- Original cataloging agency: OSt
- Transcribing agency: OSt
150 ## - HEADING--TOPICAL TERM
- Topical term or geographic name entry element: VICTORIAN STUDIES IN SCARLET
670 ## - SOURCE DATA FOUND
- Source citation: Work cat.: (OSt)1175980: Altick R.D. 702955, Victorian Studies in Scarlet, 1970
